[Event "TOP 16 GpA"]
[Site "Vandoeuvre FRA"]
[Date "2010.03.27"]
[Round "2"]
[White "Genzling,A"]
[Black "Buscara,S"]
[Result "1/2-1/2"]
[WhiteElo "2398"]
[BlackElo "2238"]

1.c4 c6 2.e4 e5 3.Nf3 d6 4.h3 Nf6 5.Nc3 Be7 6.d4 Qc7 7.Be2 O-O 8.O-O h6 9.Be3 Re8
10.Qc2 Nbd7 11.Rab1 b6 12.b4 Bb7 13.Rfc1 exd4 14.Nxd4 Bf8 15.Nf5 Ne5 16.f3 Rad8
17.b5 c5 18.Bf4 Nh5 19.Bh2 Ng6 20.Qd2 Be7 21.Nxe7+ Qxe7 22.Bf1 Qf6 23.Ne2 Ne5
24.Qe3 g5 25.Ng3 Ng7 26.Be2 Ng6 27.Bf1 Nf4 28.Qc3 Qe5 29.Ne2 Nxe2+ 30.Bxe2 Qxc3
31.Rxc3 Ne6 32.Ra3 Ra8 33.Bxd6 Nd4 34.Bf1 f5 35.e5 Kf7 36.Rd3 Ke6 37.a4 Rg8
38.a5 g4 39.a6 Bc8 40.f4 Kf7 41.h4 Be6 42.Rc1 g3 43.Rcc3 Rg4 44.Rxg3 Rxf4
45.h5 Rg4 46.Kf2 Rf4+ 47.Kg1 Rg4 48.Kf2 Rf4+  1/2-1/2

[Event "TOP 16 GpB"]
[Site "Chalons en Champagne FRA"]
[Date "2010.03.28"]
[Round "3"]
[White "Apicella,M"]
[Black "Leconte,M"]
[Result "1-0"]
[WhiteElo "2523"]
[BlackElo "2330"]

1.c4 c6 2.Nf3 d5 3.b3 Nf6 4.g3 Bg4 5.Bg2 Nbd7 6.Bb2 e6 7.O-O Be7 8.d3 O-O
9.Nbd2 Qb8 10.h3 Bh5 11.Re1 Rd8 12.g4 Bg6 13.Nh4 h5 14.Nxg6 fxg6 15.cxd5 hxg4
16.dxc6 bxc6 17.Qc2 Kf7 18.Qxc6 Qf4 19.Ne4 gxh3 20.Bxh3 Ng4 21.Bxg4 Qxg4+
22.Ng3 Nf6 23.Bxf6 gxf6 24.Rac1 f5 25.Qg2 Rd5 26.e4 Rdd8 27.exf5 gxf5 28.Rc6 f4
29.Qe4 Bd6 30.Rxd6 Rxd6 31.Qb7+ Kg6 32.Qxa8  1-0

[Event "TCh-AUT 2009-10"]
[Site "Baden AUT"]
[Date "2010.03.29"]
[Round "10"]
[White "Stohl,I"]
[Black "Zojer,S"]
[Result "1-0"]
[WhiteElo "2531"]
[BlackElo "2043"]

1.c4 c6 2.e4 d5 3.cxd5 Nf6 4.Qa4 Nbd7 5.Nc3 g6 6.Nf3 Bg7 7.Bc4 O-O 8.d3 Nc5
9.Qa3 b6 10.Be3 Nb7 11.O-O Nd6 12.Qb3 Bb7 13.Rfe1 Rc8 14.Rac1 Rc7 15.Bf4 Qa8
16.Bxd6 Rd7 17.Ne5 Nxd5 18.d4  1-0

[Event "33rd Open"]
[Site "Donostia ESP"]
[Date "2010.03.29"]
[Round "2"]
[White "Huerga Leache,M"]
[Black "Aranaz Murillo,A"]
[Result "1/2-1/2"]
[WhiteElo "2446"]
[BlackElo "2083"]

1.c4 c6 2.Nf3 d5 3.d4 Nf6 4.e3 a6 5.Nc3 b5 6.b3 Bg4 7.Bd2 e6 8.h3 Bxf3 9.Qxf3 Nbd7
10.Bd3 Be7 11.O-O O-O 12.Rfd1 bxc4 13.bxc4 dxc4 14.Bxc4 c5 15.dxc5 Nxc5 16.Qe2 Qc7
17.Rdc1 Nfd7 18.Qf1 Rfd8 19.Be2 Ne5 20.Ne4 Qa7 21.Nxc5 Rxd2 22.Nb3 Rdd8 23.Kh1 a5
24.Nd4 Bc5 25.Nb5 Qe7 26.Rc2 Rd7 27.Rac1 Bb6 28.f4 Ng6 29.Qf3 Rad8 30.Rc6 Rb8
31.Qg3 Qd8 32.R6c2 Ne7 33.e4 Rc8 34.Rxc8 Nxc8 35.f5 exf5 36.exf5 Nd6 37.Nxd6  1/2-1/2

[Event "III Montalvo Mem"]
[Site "Gran Canaria ESP"]
[Date "2010.03.31"]
[Round "3"]
[White "Morales Camacho,J"]
[Black "Ramirez Medina,O"]
[Result "1-0"]
[WhiteElo "2240"]
[BlackElo "1914"]

1.c4 c6 2.Nf3 d5 3.e3 Nf6 4.b3 Bf5 5.Bb2 e6 6.Be2 Bd6 7.O-O Nbd7 8.Nc3 O-O
9.Nh4 Bg6 10.g3 Qe7 11.Nxg6 hxg6 12.d4 a5 13.a3 Rfe8 14.f4 b6 15.Bf3 Rac8
16.Re1 Red8 17.Qe2 Bb8 18.Qg2 Qd6 19.Rad1 Ba7 20.Kh1 Qb8 21.a4 Qd6 22.Nb1 Qb8
23.g4 Ne8 24.Nd2 Nd6 25.Rc1 Nf6 26.Rc2 Nh7 27.h4 Qb7 28.c5 Ne8 29.g5 bxc5
30.dxc5 Nf8 31.Qh3 Qe7 32.Rec1 Nc7 33.Kg2 Na6 34.Bc3 Qc7 35.Be5 Qb7 36.h5 Nb4
37.Rc3 Na2 38.Rh1 f6 39.hxg6 Nxg6 40.Qh7+ Kf7 41.gxf6 Rg8 42.Bh5  1-0

[Event "Easter Open"]
[Site "Medellin COL"]
[Date "2010.03.31"]
[Round "1"]
[White "Escobar Medina,A"]
[Black "Tirado,J"]
[Result "1-0"]
[WhiteElo "2087"]
[BlackElo "1978"]

1.c4 c6 2.e4 d5 3.exd5 cxd5 4.cxd5 Qxd5 5.Nc3 Qa5 6.Nf3 Nf6 7.d4 Bg4 8.Bd2 e6
9.Rc1 Nc6 10.Bb5 Rc8 11.h3 Bxf3 12.Qxf3 Bb4 13.Qg3 O-O 14.Bxc6 Rxc6 15.O-O Bxc3
16.Bxc3 Qc7 17.f4 Ne4 18.Qd3 Nxc3 19.Rxc3 Rxc3 20.Qxc3 Qxc3 21.bxc3 Rc8 22.Rb1 Rxc3
23.Rxb7  1-0

[Event "Easter Open"]
[Site "Medellin COL"]
[Date "2010.03.31"]
[Round "1"]
[White "Santamaria,J"]
[Black "Echavarria,J"]
[Result "0-1"]
[WhiteElo "2171"]
[BlackElo "2379"]

1.c4 c6 2.d4 d5 3.e3 Bf5 4.Nc3 e6 5.Nf3 Nd7 6.cxd5 exd5 7.Be2 Bd6 8.Bd2 h6
9.Qb3 Rb8 10.Rc1 Ngf6 11.Nh4 Bh7 12.g3 O-O 13.O-O Re8 14.a4 Qe7 15.Bf3 Ne4
16.Nxe4 dxe4 17.Bg4 Nf6 18.Nf5 Qd8 19.Nxd6 Qxd6 20.Bh3 Nd5 21.a5 a6 22.Qc4 Qf6
23.Qe2 Bf5 24.Bxf5 Qxf5 25.f3 exf3 26.Rxf3 Qg6 27.Qc4 Re7 28.Qc2 Re4  0-1

[Event "33rd Open"]
[Site "Donostia ESP"]
[Date "2010.04.01"]
[Round "5"]
[White "Thomassen,T"]
[Black "Trepat Herranz,J"]
[Result "0-1"]
[WhiteElo "2041"]
[BlackElo "2305"]

1.c4 c6 2.g3 d5 3.Bg2 Nf6 4.Nf3 e6 5.b3 Be7 6.O-O O-O 7.Bb2 Nbd7 8.e3 b6
9.Qe2 Bb7 10.Nc3 Re8 11.Rfd1 Qc7 12.cxd5 exd5 13.Rac1 Rad8 14.Nd4 Qb8 15.Nf5 Bf8
16.d4 g6 17.Nh4 Bg7 18.Nf3 Ne4 19.Nxe4 dxe4 20.Nd2 c5 21.Nc4 cxd4 22.Bxd4 Bxd4
23.Rxd4 Nc5 24.Rcd1 Nd3 25.Rxd8 Rxd8 26.Qd2 Rd7 27.Qc3 Qc7 28.a4 a6 29.Qa1 b5
30.axb5 axb5 31.Na3 Qc5 32.b4 Qxb4 33.Nc2 Qa4 34.Qb1 Bd5 35.Nd4 b4 36.Bf1 Ne5
37.Be2 Rb7 38.Rc1 Qd7 39.Kg2 h5 40.h3 Rb8 41.Rd1 Nf3 42.Nb3 Qf5 43.Nd4 Nxd4
44.Rxd4 b3 45.Rd2 Be6 46.g4 hxg4 47.hxg4 Qg5 48.Qxe4 b2 49.f4 Qa5 50.Rd1 Qa2
51.Rb1 Bd5  0-1

[Event "ch-VIE Playoff"]
[Site "Ho Chi Minh City VIE"]
[Date "2010.04.01"]
[Round "1.2"]
[White "Nguyen Duc Hoa"]
[Black "Le Quang Liem"]
[Result "1/2-1/2"]
[WhiteElo "2324"]
[BlackElo "2689"]

1.c4 c6 2.d4 d5 3.Nf3 Nf6 4.e3 Bg4 5.h3 Bxf3 6.Qxf3 e6 7.Nc3 Nbd7 8.cxd5 exd5
9.Bd3 Bb4 10.Bd2 Qe7 11.O-O-O O-O-O 12.Kb1 Rhe8 13.Rc1 Kb8 14.Rc2 Bd6 15.Rhc1 Ne4
16.Be1 Nb6 17.Qd1 f5 18.Re2 g6 19.a3 h5 20.Na2 Rc8 21.a4 c5 22.Bb5 Red8 23.a5 Nd7
24.a6 Nb6 25.dxc5 Rxc5 26.Rxc5 Bxc5 27.Qb3 Bd6 28.Nb4 Nc5 29.Qa2 Qe4+ 30.Rc2 Nxa6
31.Nxa6+ bxa6 32.Qxa6 Rc8 33.Bd3 Qe8 34.Bb5 Qe4 35.Bd3 Qe8 36.Rxc8+ Qxc8
37.Qb5 Qd7 38.Qb3 Be5 39.Ba5 Qa4 40.Qxa4 Nxa4 41.b3 Nc5 42.Bc2 d4 43.exd4 Bxd4
44.f3 Bf6 45.Bd2 Ne6 46.Bd3 Be5 47.Ka2 Nf4 48.Bf1 h4 49.Ka3 Nd5 50.Ka4 Bf4
51.Bb4 Nxb4  1/2-1/2

[Event "17th TCh-RUS Higher League"]
[Site "Dagomys RUS"]
[Date "2010.04.02"]
[Round "1"]
[White "Bachin,V"]
[Black "Drozdovskij,Y"]
[Result "0-1"]
[WhiteElo "2485"]
[BlackElo "2627"]

1.c4 c6 2.e4 d5 3.exd5 cxd5 4.d4 Nf6 5.Nc3 e6 6.Nf3 Bb4 7.cxd5 Nxd5 8.Bd2 Nc6
9.Bd3 O-O 10.O-O Be7 11.Rc1 Bf6 12.Ne2 Qb6 13.Bc3 Rd8 14.Bb1 g6 15.Qd2 Bd7
16.h4 Nxc3 17.bxc3 e5 18.h5 Be6 19.hxg6 hxg6 20.Qh6 Bg7 21.Qh4 exd4 22.Nf4 Ne5
23.Ng5 Bc4 24.cxd4 Rxd4 25.Rfe1 Qf6 26.Re4 Rad8 27.Rce1 Rxe4 28.Bxe4 Rd4
29.g3 Qd6 30.Bxb7 Rd1 31.Rxd1 Qxd1+ 32.Kg2 Bf1+ 33.Kg1 Ba6+ 34.Kh2 Bxb7 35.Qh7+ Kf8
36.Nge6+ Ke7  0-1

[Event "Philadelphia Open"]
[Site "Philadelphia USA"]
[Date "2010.04.03"]
[Round "7"]
[White "Stripunsky,A"]
[Black "Shankland,S"]
[Result "1-0"]
[WhiteElo "2559"]
[BlackElo "2486"]

1.c4 c6 2.e4 d5 3.Nc3 Nf6 4.exd5 cxd5 5.a3 e6 6.d4 Be7 7.Nf3 O-O 8.c5 Ne4
9.Qc2 Nxc3 10.Qxc3 Bf6 11.Bd3 Nc6 12.O-O b6 13.b4 bxc5 14.bxc5 Nxd4 15.Nxd4 e5
16.Be3 exd4 17.Bxd4 Bxd4 18.Qxd4 Bb7 19.Bb5 Rc8 20.Rac1 Bc6 21.Bxc6 Rxc6
22.Rfd1 Qa5 23.Qxd5 Rfc8 24.Qd2 Qxd2 25.Rxd2 f6 26.g3 Rxc5 27.Rxc5 Rxc5 28.Rd8+ Kf7
29.Rd7+ Kg6 30.Rxa7 Rc3 31.h4 h5 32.Ra5 Rb3 33.Kf1 Kh6 34.Ra6 Kg6 35.Ke2 Kf5
36.Ra4 Kg6 37.Kd2 Rf3 38.Ke2 Rb3 39.Ra5 Kh6 40.Ra7 Rc3 41.a4 Ra3 42.a5 Kh7
43.a6 Kg6 44.Kd2 Rf3 45.Rc7  1-0

[Event "Easter Open"]
[Site "Medellin COL"]
[Date "2010.04.04"]
[Round "9"]
[White "Jaramillo,G"]
[Black "Chavarria,A"]
[Result "0-1"]
[WhiteElo "2198"]
[BlackElo "2275"]

1.c4 c6 2.Nc3 d5 3.cxd5 cxd5 4.Nf3 Nc6 5.e3 Bg4 6.Be2 e6 7.b3 Bd6 8.Bb2 Nf6
9.Rc1 a6 10.O-O O-O 11.a3 Rc8 12.Qc2 Qe7 13.Qb1 Bxa3 14.h3 Bf5 15.d3 Bxb2
16.Qxb2 Rc7 17.Nd2 Rfc8 18.e4 dxe4 19.dxe4 Bg6 20.f3 Nd4 21.Kh1 Rc6 22.Nc4 Qb4
23.Na2 Qxb3 24.Qxd4 Qxa2 25.Qd1 Nxe4 26.fxe4 Bxe4 27.Bf3 Rxc4 28.Rxc4 Qxc4
29.Bxe4 Qxe4  0-1

[Event "17th TCh-RUS Higher League"]
[Site "Dagomys RUS"]
[Date "2010.04.08"]
[Round "7"]
[White "Kryakvin,D"]
[Black "Perekhodkin,V"]
[Result "1-0"]
[WhiteElo "2574"]
[BlackElo "2227"]

1.c4 c6 2.d4 d5 3.Nf3 e6 4.Nbd2 Nf6 5.g3 Nbd7 6.Bg2 b5 7.c5 Qe7 8.O-O a5
9.Qc2 Bb7 10.e4 Nxe4 11.Nxe4 dxe4 12.Qxe4 Nf6 13.Qc2 Nd5 14.a4 b4 15.Ne5 Qd8
16.Re1 Be7 17.Be4 Bf6 18.Nc4 O-O 19.Nd6 Ba6 20.Bxh7+ Kh8 21.Bd3 Bxd3 22.Qxd3 g6
23.Bh6 Bg7 24.Qd2 Qf6 25.Re4 Bxh6 26.Qxh6+ Kg8 27.Rae1 Qg7 28.Qd2 Ne7 29.h4 Nf5
30.Nc4 Qh6 31.Rf4 Rfd8 32.Ree4 Ne7 33.Nd6 Nf5 34.Nxf7 Kxf7 35.Rxf5+ exf5
36.Qxh6 fxe4 37.Qf4+ Ke7 38.Qe5+ Kf7 39.Qc7+ Ke6 40.Qxc6+ Kf5 41.g4+ Kf4
42.Qf6+ Kxg4 43.f3+ Kh3 44.Qf4  1-0

[Event "FSIM April"]
[Site "Budapest HUN"]
[Date "2010.04.10"]
[Round "8"]
[White "Adams,N"]
[Black "Nguyen Thi Mai Hung"]
[Result "1/2-1/2"]
[WhiteElo "2246"]
[BlackElo "2224"]

1.c4 c6 2.e4 d5 3.cxd5 cxd5 4.exd5 Nf6 5.Nc3 Nxd5 6.Nf3 Nc6 7.Bb5 g6 8.Qa4 Qd6
9.O-O Bg7 10.Qh4 O-O 11.d4 a6 12.Ng5 h5 13.Nge4 Qd8 14.Bxc6 bxc6 15.Bg5 Re8
16.Rad1 Rb8 17.b3 Nxc3 18.Nxc3 Rb4 19.Ne2 Be6 20.Bd2 Rb7 21.Be3 Qa5 22.Rd2 Qf5
23.Rc1 Rc8 24.Rc5 Qg4 25.Qxg4 Bxg4 26.Rdc2 Rb5 27.f3 Rxc5 28.dxc5 Be6 29.Kf2 Kf8
30.Bd4 f6 31.Bc3 Rd8 32.Rd2 Rxd2 33.Bxd2 Bd5 34.Nc1 Be6 35.Nd3 Bc8 36.Nb4 Bb7
37.Ke2 e5 38.Kd3 Ke7 39.Kc4 Ke6 40.a4 f5 41.Nc2 Bf6 42.b4 g5 43.b5 cxb5+
44.axb5 Bd5+ 45.Kb4 axb5 46.Kxb5 f4 47.Nb4 g4 48.Nxd5 Kxd5 49.c6 Bd8 50.fxg4 hxg4
51.h4 gxh3 52.gxh3 Bc7 53.h4 e4 54.h5 e3 55.Bc1 Ke4 56.h6 f3 57.Bxe3 Kxe3
58.h7 f2 59.h8=Q f1=Q+ 60.Kc5 Qf5+ 61.Kc4 Qe6+ 62.Kb4 Qd6+ 63.Kb3 Qd5+ 64.Kc2 Qxc6+
65.Qc3+  1/2-1/2

[Event "12th Open"]
[Site "Dubai UAE"]
[Date "2010.04.10"]
[Round "6"]
[White "Foisor,C"]
[Black "Mirzoeva,E"]
[Result "0-1"]
[WhiteElo "2433"]
[BlackElo "2230"]

1.c4 c6 2.Nc3 d5 3.e3 Nf6 4.Nf3 Bf5 5.cxd5 Nxd5 6.Qb3 Nb6 7.d4 e6 8.e4 Bg4
9.Bg5 Be7 10.Bxe7 Qxe7 11.Ne5 Bh5 12.a4 f6 13.a5 fxe5 14.axb6 a6 15.dxe5 Nd7
16.Ra5 Rd8 17.Bc4 Nc5 18.Qc2 Rd4 19.Ne2 Nxe4 20.O-O Rxc4 21.Qxc4 Nd2 22.Qd3 Nxf1
23.Kxf1 O-O 24.f3 Rd8 25.Qc4 Rd2 26.Qc3 Rd1+ 27.Kf2 Qh4+ 28.Ng3 Qxh2 29.Nxh5 Qxh5
30.Ra4 Qh2 31.Re4 Qg1+ 32.Kg3 Qxb6 33.Qc2 Qd8 34.Qb3 Qd7 35.Qb6 Rd5 36.Qa7 h6
37.Qb8+ Kh7 38.Qf8 Qd8 39.Qf7 Qg5+ 40.Kh3 Qf5+ 41.Qxf5+ exf5 42.Rb4 b5 43.f4 Rd3+  0-1

[Event "Sydney Int Open"]
[Site "Parramatta AUS"]
[Date "2010.04.10"]
[Round "7"]
[White "Johansen,D"]
[Black "Charles,Ga"]
[Result "1/2-1/2"]
[WhiteElo "2457"]
[BlackElo "2148"]

1.c4 c6 2.e4 d5 3.exd5 Nf6 4.d4 cxd5 5.Nc3 Nc6 6.Nf3 Bg4 7.cxd5 Nxd5 8.Qb3 Bxf3
9.gxf3 e6 10.Qxb7 Nxd4 11.Bb5+ Nxb5 12.Qc6+ Ke7 13.Qxb5 Qd7 14.Nxd5+ Qxd5
15.Qxd5 exd5 16.Be3 Ke6 17.O-O-O Bb4 18.Bd4 f6 19.a3 Ba5 20.Kb1 Bb6 21.Rhe1+ Kd6
22.Be3 Rhe8 23.Rd3 Rad8 24.Rc1 Bxe3 25.fxe3 f5 26.b4 Ke6 27.h4 Rd7 28.Kb2 Kf6
29.f4 g6 30.Rc5  1/2-1/2

[Event "Bundesliga 2009-10"]
[Site "Bremen GER"]
[Date "2010.04.11"]
[Round "15"]
[White "Hracek,Z"]
[Black "Schulz,KJ"]
[Result "1-0"]
[WhiteElo "2606"]
[BlackElo "2385"]

1.c4 c6 2.Nf3 d5 3.e3 Nf6 4.Nc3 e6 5.b3 Bd6 6.d4 Nbd7 7.Qc2 O-O 8.Be2 Qe7
9.O-O b6 10.Bb2 Bb7 11.Rad1 Rad8 12.Rfe1 Rfe8 13.Bf1 e5 14.dxe5 Nxe5 15.Nxe5 Qxe5
16.g3 Qh5 17.Bg2 dxc4 18.bxc4 Bc8 19.Ne2 Ng4 20.h3 Ne5 21.Bxe5 Bxe5 22.h4 c5
23.Qa4 Bg4 24.Rxd8 Rxd8 25.Nf4 Bxf4 26.exf4 h6 27.Qxa7 Qg6 28.Bd5 Rd7 29.Qa8+ Kh7
30.Re8 Qb1+ 31.Kg2 Qd1 32.h5 Bxh5 33.f5 g6 34.f6  1-0

[Event "XXVIII Open A"]
[Site "Metz FRA"]
[Date "2010.04.13"]
[Round "5"]
[White "Feller,S"]
[Black "Michiels,B"]
[Result "1-0"]
[WhiteElo "2576"]
[BlackElo "2465"]

1.c4 c6 2.d4 d5 3.Nf3 Nf6 4.Qc2 dxc4 5.e4 b5 6.b3 cxb3 7.axb3 e6 8.Bd2 a5
9.Bd3 Be7 10.O-O h6 11.Nc3 O-O 12.e5 Nd5 13.Nxd5 exd5 14.Qc1 Ra7 15.Bb1 f5
16.exf6 Rxf6 17.Nh4 Nd7 18.Nf5 Bf8 19.Qc2 Rf7 20.Ne7+ Rxe7 21.Qh7+ Kf7 22.Bg6+ Kf6
23.Bh5 Ne5 24.dxe5+ Kxe5 25.Qg6 Re6 26.Qg3+ Kf6 27.Qf4+ Ke7 28.Bb4+ axb4
29.Rxa7+ Bd7 30.Qf7+ Kd6 31.Bg4 Be7 32.Qf4+ Kc5 33.Ra6 Re4 34.Rc1+ Rc4 35.bxc4 bxc4
36.Rxc4+ Kb5 37.Rcxc6 Bxc6 38.Be2+ Kc5 39.Qe3+ Kd6 40.Bb5  1-0

[Event "UKM KL Masters"]
[Site "Kuala Lumpur INA"]
[Date "2010.04.14"]
[Round "1"]
[White "Chan,Ni"]
[Black "Yee Soon Wei"]
[Result "0-1"]
[WhiteElo "2398"]
[BlackElo "2209"]

1.c4 c6 2.Nf3 d5 3.d4 Nf6 4.Nc3 e6 5.cxd5 exd5 6.Qc2 g6 7.Bg5 Be7 8.e3 Bf5
9.Bd3 Bxd3 10.Qxd3 Nbd7 11.Bh6 Bf8 12.Bf4 Be7 13.O-O O-O 14.h3 Re8 15.Rab1 a5
16.a3 a4 17.Rfe1 Bf8 18.Bg5 Qa5 19.Bxf6 Nxf6 20.Ne5 Bd6 21.f4 Qa6 22.Qc2 Ne4
23.Nxe4 dxe4 24.g4 Qa5 25.g5 Bxe5 26.fxe5 Qd5 27.Rbc1 Ra5 28.Qc3 Rb5 29.Re2 Qd7
30.Kh2 c5 31.Qc4 cxd4 32.exd4 Rd8 33.Qxa4 Rxb2 34.Qc4 Qxd4 35.Rxb2 Qxb2+
36.Rc2 Qxe5+ 37.Kg2 Qxg5+ 38.Kh2 Qf4+ 39.Kg2 Rd2+ 40.Rxd2 Qxd2+ 41.Kg1 e3
42.Qe4 Qf2+ 43.Kh1 e2  0-1

[Event "UKM KL Masters"]
[Site "Kuala Lumpur INA"]
[Date "2010.04.17"]
[Round "6"]
[White "Mohamed,Abdul Haq"]
[Black "Yee Soon Wei"]
[Result "1/2-1/2"]
[WhiteElo "2057"]
[BlackElo "2209"]

1.c4 c6 2.Nc3 d5 3.cxd5 cxd5 4.d4 Nf6 5.g3 Nc6 6.Bg2 a6 7.Nf3 Bf5 8.Nh4 Bg6
9.Nxg6 hxg6 10.O-O e6 11.e3 Be7 12.Bd2 Rc8 13.f4 b5 14.a3 Qb6 15.Be1 a5 16.Rf2 O-O
17.Bf1 b4 18.Nb5 Ne4 19.Rg2 Nd8 20.Qa4 Nb7 21.axb4 axb4 22.Bxb4 Bxb4 23.Qxb4 Nbd6
24.Qa5 Qxa5 25.Rxa5 Nf5 26.Ra3 Rc1 27.Re2 Rfc8 28.Nc3 Nxc3 29.Rxc3 R8xc3
30.bxc3 Nd6 31.Ra2 Ne4 32.Kg2 Rxc3 33.Kf3 f5 34.Bb5 Kf7 35.Ra7+ Kf6 36.Ra2 g5
37.Rb2 Ra3 38.Bd7 Ra7 39.Bc8 Rc7 40.Ba6 Rc1 41.Bd3 Rh1 42.Kg2 Re1 43.Re2 Rd1
44.Bxe4 dxe4 45.Ra2 Rd3 46.Kf2 g4 47.Re2 Rb3 48.Rd2 g5 49.fxg5+ Kxg5 50.d5 exd5
51.Rxd5 Rb7 52.Rd2 Kf6 53.Rd8 Rh7 54.Rf8+ Ke6 55.Re8+ Kf7 56.Ra8 Rxh2+ 57.Kf1 Rb2
58.Ra6 Rd2 59.Rb6 Ke7 60.Ra6 Rd6 61.Ra5 Kf6 62.Rb5 Ke6 63.Ra5 Rd5 64.Ra6+ Ke5
65.Ra8 Rb5 66.Rd8 Rd5 67.Rc8 Kd6 68.Ke2 Rc5 69.Rd8+ Kc6 70.Rd2 Kb5 71.Rd4 Ka5
72.Kd1 Kb5 73.Kd2 Re5 74.Ke2 Rc5 75.Rd8 Kc4 76.Kd2 Ra5 77.Rc8+ Kd5 78.Rd8+ Ke6
79.Ke2 Ra2+ 80.Ke1 Ke5 81.Rd7 Ra6 82.Ke2 Rd6 83.Rf7 Ke6 84.Ra7 Rb6 85.Ra5 Rd6
86.Rb5 Rd5 87.Rb6+ Ke5 88.Rb8 Ra5 89.Rd8 Ra2+ 90.Kf1 Rb2 91.Rd7 f4 92.exf4+ Kf5
93.Rd5+ Kf6 94.Re5 Rb3 95.Kf2 e3+ 96.Kf1 Ra3 97.Ke2 Ra2+ 98.Kxe3 Rg2 99.Rg5 Rxg3+
100.Ke2  1/2-1/2

[Event "6th TCh-CHN"]
[Site "Ningbo CHN"]
[Date "2010.04.17"]
[Round "2"]
[White "Bu Xiangzhi"]
[Black "Yu Lie"]
[Result "1/2-1/2"]
[WhiteElo "2682"]
[BlackElo "2407"]

1.c4 c6 2.e4 d5 3.exd5 cxd5 4.cxd5 Nf6 5.Qa4+ Nbd7 6.Nc3 g6 7.Nf3 Bg7 8.Bc4 O-O
9.d3 a6 10.Qa3 b6 11.O-O Bb7 12.Be3 b5 13.Bb3 Re8 14.Qb4 Nf8 15.Bd4 e6 16.Bxf6 Bxf6
17.Rfe1 Bxc3 18.bxc3 Bxd5 19.Bxd5 Qxd5 20.c4 Qxd3 21.Ne5 Qf5 22.c5 f6 23.Ng4 Kg7
24.Ne3 Qe5 25.a4 Qc7 26.axb5 axb5 27.Qxb5 Rxa1 28.Rxa1 Rc8 29.Qb6 Nd7 30.Qxe6 Nxc5
31.Qg4 Qd7 32.Qh4 Nb3 33.Ng4 Qe7 34.Rd1 h5 35.Ne3 Qf7 36.g4 Rc5 37.Qg3 Na5
38.Qd6 Qc7 39.gxh5 Qxd6 40.Rxd6 Rxh5 41.Rd7+ Kf8 42.Nd5 Rf5 43.Nc7 Re5 44.Nd5 Rf5
45.Ne7 Ke8 46.Nxf5  1/2-1/2

[Event "Red River Shoot-Out #8"]
[Site "Davis USA"]
[Date "2010.04.18"]
[Round "2"]
[White "Veal,J"]
[Black "Malhotra,A"]
[Result "1/2-1/2"]
[WhiteElo "2028"]
[BlackElo "1749"]

1.c4 c6 2.g3 d5 3.Bg2 Nf6 4.Nf3 Bf5 5.cxd5 cxd5 6.Qb3 Qb6 7.Qxb6 axb6 8.Nc3 e6
9.d3 Bb4 10.O-O O-O 11.Bd2 Nc6 12.a3 Be7 13.b4 Rfc8 14.Nb5 h6 15.Bf4 Ra4
16.Rac1 Raa8 17.Rc3 Nd7 18.Bd6 Bf6 19.d4 Bg4 20.e3 Kh7 21.Rfc1  1/2-1/2

[Event "TCh-NED 2009-10"]
[Site "Netherlands NED"]
[Date "2010.04.18"]
[Round "9"]
[White "Janssen,Ru"]
[Black "Van der Stricht,G"]
[Result "1/2-1/2"]
[WhiteElo "2520"]
[BlackElo "2393"]

1.c4 c6 2.Nf3 d5 3.e3 Nf6 4.Nc3 Bg4 5.cxd5 Bxf3 6.Qxf3 cxd5 7.Bb5+ Nc6 8.O-O e6
9.b3 Be7 10.Bb2 Rc8 11.Rfc1 O-O 12.Na4 Qa5 13.Qe2 Ne4 14.Bxc6 Rxc6 15.Rxc6 bxc6
16.d3 Qb5 17.Rc1 Rc8 18.Bd4 Qa6 19.Bxa7 Ba3 20.Rc2 Qxa7 21.dxe4 dxe4 22.Rd2 Qa5
23.Rd1 c5 24.Qc2 h6 25.Qxe4 c4 26.Qc2 c3 27.h3 Qf5 28.e4 Qb5 29.Rd4 Bb4 30.g3 g6
31.Kg2 Rc6 32.h4 h5 33.a3 Bxa3 34.Nxc3 Qe5 35.Rc4 Rxc4 36.bxc4 Bb4 37.Ne2 Bc5
38.Nf4 Kg7 39.Qe2 Qd4 40.Nh3 e5 41.Ng5 Qd7 42.Nf3 Bd4 43.Qd2 Qa7 44.Qc2 Qc5
45.Kf1 Kf6 46.Ne1 Qc6 47.Qd3 Qb7 48.Ng2 Qb2 49.Ne3 Qc1+ 50.Kg2 Bxe3 51.fxe3 Kg7
52.Qd5 Qxe3 53.Qxe5+ Kh7 54.c5  1/2-1/2

[Event "6th TCh-CHN"]
[Site "Ningbo CHN"]
[Date "2010.04.18"]
[Round "3"]
[White "Zhou Weiqi"]
[Black "Yu Lie"]
[Result "1-0"]
[WhiteElo "2584"]
[BlackElo "2407"]

1.c4 c6 2.d4 d5 3.Nf3 Nf6 4.Nc3 e6 5.Bg5 Nbd7 6.e3 Qa5 7.cxd5 Nxd5 8.Qd2 Bb4
9.Rc1 h6 10.Bh4 Nxc3 11.bxc3 Ba3 12.Rb1 b6 13.Bd3 Ba6 14.c4 Qxd2+ 15.Kxd2 Bd6
16.a4 Rc8 17.e4 Bf4+ 18.Kc2 Bb8 19.a5 g5 20.Bg3 Ke7 21.axb6 axb6 22.Ra1 Bb7
23.Bxb8 Rxb8 24.Ra7 g4 25.Nh4 c5 26.d5 Kd6 27.h3 h5 28.g3 Kc7 29.dxe6 fxe6
30.Ng6 Rh6 31.e5 Ra8 32.Rxa8 Bxa8 33.Rh2 gxh3 34.Rxh3 Bf3 35.Rh4 Bg4 36.f4 b5
37.Rh2 bxc4 38.Be4 Bf3 39.Bxf3 Rxg6 40.Rh3 Rg8 41.Bxh5 Ra8 42.Bg4 Ra2+ 43.Kc3 Nb6
44.Bxe6 Kc6 45.Bf7 Ra3+ 46.Kb2 Re3 47.Rh6+ Kc7 48.g4 Na4+ 49.Kc1 Rc3+ 50.Kb1 Rb3+
51.Kc1 Rc3+ 52.Kd2 Rd3+ 53.Ke2 Nc3+ 54.Ke1 Rd1+ 55.Kf2 Rd2+ 56.Kf3 Rd3+ 57.Kf2 Rd2+
58.Kf3 Rd3+ 59.Kg2 Nd1 60.Rh7 Ne3+ 61.Kf3 Nd5+ 62.Ke4 Rd4+ 63.Kf5 Ne3+ 64.Kg5 c3
65.Bg6+ Kc6 66.e6 Rd5+ 67.Kh4 Nf5+ 68.gxf5 Rd4 69.e7  1-0

[Event "9th Asian Continental"]
[Site "Olongapo City PHI"]
[Date "2010.04.21"]
[Round "1"]
[White "De Ramos,Ju"]
[Black "Al Sayed,Mohamad"]
[Result "0-1"]
[WhiteElo "2314"]
[BlackElo "2503"]

1.c4 c6 2.Nf3 d5 3.g3 Nf6 4.Bg2 Bg4 5.Ne5 Be6 6.cxd5 Bxd5 7.Nf3 c5 8.Nc3 Bc6
9.O-O Nbd7 10.Re1 a6 11.e4 e5 12.b4 cxb4 13.Nd5 Bd6 14.d4 O-O 15.dxe5 Nxe5
16.Bg5 Bxd5 17.exd5 Re8 18.Qd4 Nxf3+ 19.Bxf3 Rxe1+ 20.Rxe1 h6 21.Bd2 a5 22.Rc1 Nd7
23.Bf4 Qe7 24.Kf1 Re8 25.Bxd6 Qxd6 26.Qa7 Ne5 27.Bg2 Nd3 28.Rd1 Qc5 29.Qxc5 Nxc5
30.d6 Kf8 31.Bd5 Rd8 32.Bf3 Ke8 33.Rd5 b6 34.Bg4 g6 35.Re5+ Kf8 36.Rd5 Ne4
37.Rd4 f5 38.d7 Ke7 39.Rxe4+ fxe4 40.Ke2 a4  0-1

[Event "Venka & Antonia Ivanova Mem"]
[Site "Sofia BUL"]
[Date "2010.04.22"]
[Round "2"]
[White "Mitov,B"]
[Black "Genov,Peta"]
[Result "0-1"]
[WhiteElo "2105"]
[BlackElo "2452"]

1.c4 c6 2.Nf3 d5 3.b3 Nf6 4.g3 Bf5 5.Bb2 e6 6.Bg2 h6 7.O-O Be7 8.d3 O-O 9.Nbd2 a5
10.Re1 Bh7 11.e4 Na6 12.a3 Nc5 13.Qc2 Nxd3 14.Qxd3 dxe4 15.Qxd8 Rfxd8 16.Nd4 Bc5
17.Nxe4 Nxe4 18.Bxe4 Bxd4 19.Bxh7+ Kxh7 20.Re2 Rd7 21.Kg2 Rad8 22.Rd1 Bxb2
23.Rxd7 Rxd7 24.Rxb2 Rd3 25.Kf1 e5 26.Ke2 e4 27.b4 a4 28.Ra2 f5 29.c5 Kg6
30.Ra1 Kf6 31.h4 g6 32.Ra2 Ke5 33.Ra1 Kd4 34.g4 f4 35.Rb1 f3+ 36.Ke1 Rxa3
37.b5 cxb5 38.Rxb5 Rb3 39.Ra5 Kd3  0-1

[Event "9th Asian Continental"]
[Site "Olongapo City PHI"]
[Date "2010.04.24"]
[Round "4"]
[White "Garcia,Jan"]
[Black "Gundavaa,B"]
[Result "1/2-1/2"]
[WhiteElo "2315"]
[BlackElo "2471"]

1.c4 c6 2.Nc3 d5 3.cxd5 cxd5 4.d4 Nf6 5.Nf3 Nc6 6.Bf4 a6 7.a3 Nh5 8.Bd2 g6
9.g3 Bg7 10.Bg2 O-O 11.O-O Bg4 12.Be3 Bxf3 13.Bxf3 e6 14.Qd3 Nf6 15.Bg5 h6
16.Be3 Ne8 17.b4 Nd6 18.b5 axb5 19.Nxb5 Ra4 20.Qb3 Rc4 21.Nxd6 Qxd6 22.Rfd1 Nxd4
23.Bxd4 Rxd4 24.Qxb7 Rxd1+ 25.Rxd1 Qxa3 26.Rb1 Be5 27.Qd7 h5 28.Kg2 Qc5 29.Rb7 Bd4
30.e3 Be5 31.h4 Qc2 32.Ra7 Qc3 33.Qa4 d4 34.exd4 Bxd4 35.Ra8 Qb2 36.Qa2 Qb6
37.Rxf8+ Kxf8 38.Qc2 Kg7 39.Bd1 Qb7+ 40.Bf3 Qb4 41.Be2 Bb6 42.Bc4 Qa3 43.Qe2 Qc3
44.Ba2 Qd4 45.Bb3 Qc3 46.Ba2 Bd4 47.Bc4 Qb4 48.Bd3 Qc5 49.Qc2 Qb6 50.Be4 Qb4
51.Bf3 Qe1 52.Qe2 Qc3 53.Be4 Qc5 54.Qc2 Qa5 55.Bf3 e5 56.Qe4 Qa2 57.Qe2 Qb3
58.Be4 f5 59.Qc2 Qb6 60.Bd5 Qa5 61.Bb3 Qa8+ 62.f3 Qa1 63.Qd1 Qc3 64.Bd5 Qb2+
65.Kh3 Qf2 66.Qh1 Bc5 67.Qg2 Qe1 68.Bc4 Bf2 69.Bd5 Bc5 70.Bc4 Bd4 71.Qf1 Qb4
72.Qe2 Qb7 73.Ba2 Kh6 74.Kg2 Qb4 75.Bc4 Qb1 76.Qf1 Qc2+ 77.Qe2 Qc1 78.Qf1 Qe3
79.Be2 f4 80.gxf4 exf4 81.Bd3 Qe7 82.Qh1 Bf6 83.Qb1 Bxh4 84.Qb8 Qf6 85.Be4 Be1
86.Qe8 Bc3 87.Qc6 Qg5+ 88.Kf1 Bf6 89.Qe6 Qb5+ 90.Kg2 Qe2+ 91.Kh1 Qf1+ 92.Kh2 Qf2+
93.Kh1 Qe1+ 94.Kg2 Qg3+ 95.Kf1 Bd4 96.Ke2 h4 97.Qg4 h3 98.Kd3 Bg7 99.Ke2 Bd4
100.Kd3 Bf6 101.Ke2 Bd4  1/2-1/2

[Event "Venka & Antonia Ivanova Mem"]
[Site "Sofia BUL"]
[Date "2010.04.24"]
[Round "6"]
[White "Drenchev,P"]
[Black "Genov,Peta"]
[Result "1-0"]
[WhiteElo "2486"]
[BlackElo "2452"]

1.c4 c6 2.e4 d5 3.cxd5 cxd5 4.exd5 Nf6 5.Qa4+ Nbd7 6.Nc3 g6 7.Nf3 Bg7 8.Qb3 O-O
9.Bc4 Nc5 10.Qa3 b6 11.O-O Bb7 12.d4 Nce4 13.Nxe4 Nxe4 14.Re1 Nd6 15.Bb3 Nf5
16.Bg5 Bxd5 17.Nh4 Nxh4 18.Bxh4 f6 19.Rxe7 Kh8 20.Ba4 Qc8 21.Bg3 Qf5 22.h3 Rfd8
23.Qe3 Bf8 24.Rc7 Qe4 25.Qxe4 Bxe4 26.Bd7 Bf5 27.Bc6 Rac8 28.d5 Rxc7 29.Bxc7 Rc8
30.Bf4 g5 31.Be3 Rd8 32.a4 Bb4 33.Bd4 Kg7 34.a5 bxa5 35.Bxa7 Bd7 36.Bb6 Rb8
37.Bxa5 Bxc6 38.dxc6 Bxa5 39.Rxa5 Rxb2 40.Rc5 Rb8 41.c7 Rc8 42.f4 Kf7 43.Kf2 Ke6
44.Kf3 Kd6 45.Rc2 h5 46.fxg5 fxg5 47.Ke4 Ke6 48.g3 g4 49.hxg4 hxg4 50.Kf4 Kd7
51.Kxg4 Rg8+ 52.Kf5 Kc8 53.g4 Rf8+ 54.Ke6 Rg8 55.Rc4 Re8+ 56.Kf7  1-0

[Event "ch-SRB"]
[Site "Kragujevac SRB"]
[Date "2010.04.25"]
[Round "7"]
[White "Damljanovic,B"]
[Black "Solak,D"]
[Result "1/2-1/2"]
[WhiteElo "2550"]
[BlackElo "2553"]

1.c4 c6 2.Nf3 d5 3.e3 Nf6 4.d4 Bf5 5.Nc3 e6 6.Nh4 Bg6 7.Bd2 Nbd7 8.a3 Bh5
9.Qc2 Be7 10.cxd5 cxd5 11.h3 Rc8 12.Bd3 Ne4 13.Nf3 Bxf3 14.gxf3 Nxd2 15.Qxd2 O-O
16.f4 f5  1/2-1/2